000 00704nam a22002537a 4500
003 CHAP
005 20220329135546.0
008 971013s1981 r 00010 d
010 _a38497
011 _a39469
035 _a43590
040 _cCHAP
082 _a634
_bE86
110 _aEspaƱa. Ministerio de Agricultura
_937710
245 _aApuntes de fruticultura
260 _aMadrid :
_b(s.e.),
_c1981
300 _a223 p.
_b: ilus.
590 _aBATCH-UPD
_b10
_c20130110
_lUCH01
_h2003
590 _aCONVERSION
_b10
_c20130109
_lUCH01
_h1321
650 1 4 _aFruticultura.
_943684
901 _aBK
942 _cLIBRO
949 _a634 E86
_bBC
_cLIBRO
_d33724000219804
_eLIBRO
_h56541
_i43590
_si
_t200.00
999 _c38497
_d38497